000 00841nam a2200205Ia 4500
001 3647
003 GE_BSU
008 181216s||||||||xx |||||||||||||| ||und||
040 _cGE_BSU
080 _a34(479.223)(094.1)
245 _aაჭარის ავტონომიური რესპუბლიკა.
245 _bნორმატიული აქტების კრებული. ნ.1. 20.07. 2004–20.07.2005
245 _cმთ. რედ. მიხეილ მახარაძე, რედ. პეტრე ზამბახიძე.
260 _aბათუმი
260 _bს.ს. "პოლიგრაფისტი
260 _c2007
300 _a393 გვ. 29 სმ.
653 _aაჭარის ავტონომიური რესპუბლიკა.
942 _cBK
999 _c37675
_d37675